Thermodynamics (Record no. 7801)

000 -LEADER
fixed length control field 00495nam a22002057a 4500
001 - CONTROL NUMBER
control field 7801
003 - CONTROL NUMBER IDENTIFIER
control field BD-DhUET
008 - FIXED-LENGTH DATA ELEMENTS--GENERAL INFORMATION
fixed length control field 141212b xxu||||| |||| 00| 0 eng d
040 ## - CATALOGING SOURCE
Transcribing agency 0
Modifying agency BD-DhUET
082 ## - DEWEY DECIMAL CLASSIFICATION NUMBER
Classification number 621.01
Item number OBE/1963
100 ## - MAIN ENTRY--PERSONAL NAME
Personal name Obert, Edward F.
245 ## - TITLE STATEMENT
Title Thermodynamics
250 ## - EDITION STATEMENT
Edition statement 2nd ed.
260 ## - PUBLICATION, DISTRIBUTION, ETC. (IMPRINT)
Place of publication, distribution, etc. New York
Name of publisher, distributor, etc. McGraw-Hill Book
Date of publication, distribution, etc. 1963
300 ## - PHYSICAL DESCRIPTION
Extent xxi,596p.
504 ## - BIBLIOGRAPHY, ETC. NOTE
Bibliography, etc Includes bibliographies
650 #0 - SUBJECT ADDED ENTRY--TOPICAL TERM
Topical term or geographic name as entry element Thermodynamics
700 ## - ADDED ENTRY--PERSONAL NAME
Personal name Gaggioli, Richard A.
942 ## - ADDED ENTRY ELEMENTS (KOHA)
Koha item type General Book
Holdings
Date acquired Copy number Koha normalized classification for sorting Koha full call number Source of classification or shelving scheme Location (home branch) Sublocation or collection (holding branch) Koha item type Price effective from Withdrawn status Damaged status Lost status Koha date last seen Not for loan Shelving location Piece designation (barcode)
2014-12-121621_010000000000000_OBE_1963621.01/OBE/1963 Central Library, BUETCentral Library, BUETGeneral Book2014-12-12   2014-12-12 Circulation section6402
2014-12-122621_010000000000000_OBE_1963621.01/OBE/1963 Central Library, BUETCentral Library, BUETGeneral Book2014-12-12   2014-12-12 Circulation section6403
2014-12-123621_010000000000000_OBE_1963621.01/OBE/1963 Central Library, BUETCentral Library, BUETGeneral Book2014-12-12   2014-12-12 Circulation section15731
2014-12-124621_010000000000000_OBE_1963621.01/OBE/1963 Central Library, BUETCentral Library, BUETGeneral Book2014-12-12   2014-12-12 Circulation section18703
2014-12-125621_010000000000000_OBE_1963621.01/OBE/1963 Central Library, BUETCentral Library, BUETGeneral Book2014-12-12   2014-12-12 Circulation section18706
2014-12-126621_010000000000000_OBE_1963621.01/OBE/1963 Central Library, BUETCentral Library, BUETGeneral Book2014-12-12   2014-12-12 Circulation section18708
2014-12-127621_010000000000000_OBE_1963621.01/OBE/1963 Central Library, BUETCentral Library, BUETGeneral Book2014-12-12   2014-12-12 Circulation section18705
2014-12-128621_010000000000000_OBE_1963621.01/OBE/1963 Central Library, BUETCentral Library, BUETGeneral Book2014-12-12   2014-12-12 Circulation section18702
2015-04-129621_010000000000000_OBE_1963621.01/OBE/1963 Central Library, BUETCentral Library, BUETGeneral Book2015-04-12   2015-04-12 Circulation section18707